[Event "2. Bundesliga West 2011/12"]
[Site "Hohenems"]
[Date "2011.11.04"]
[Round "4"]
[Board "3"]
[White "Brumen, Dinko"]
[Black "Poettinger, Harald"]
[Result "1-0"]
[WhiteElo "2347"]
[BlackElo "2200"]
[PlyCount "85"]
[EventDate "2011.10.07"]
[EventType "team"]
[EventRounds "11"]
[EventCountry "AUT"]
[WhiteTeam "Schwarzach"]
[BlackTeam "Bregenz"]

1. d4 d6 2. g3 e5 3. dxe5 dxe5 4. Qxd8+ Kxd8 5. Bg2 c6 6. f4 exf4 7. gxf4 f5 8.
Nf3 Nf6 9. Nbd2 Bc5 10. Ne5 Be6 11. e4 Re8 12. Nd3 Bb6 13. e5 Nd5 14. Nf1 Na6
15. Bd2 Nc5 16. Nxc5 Bxc5 17. O-O-O Kc7 18. a3 a5 19. h4 b5 20. Rh3 Red8 21.
Rg3 Rd7 22. h5 b4 23. a4 Rad8 24. Bxd5 cxd5 25. Nh2 Bf7 26. Rg5 g6 27. Re1 Be8
28. Nf3 d4 29. e6 Re7 30. Nh4 Kd6 31. hxg6 hxg6 32. Nxg6 Rxe6 33. Ne5 Rf6 34.
Rg7 Bxa4 35. Nc4+ Kd5 36. b3 Re8 37. Rh1 Bb5 38. Ne5 Bd6 39. Rb7 Bc6 40. Ra7
Bxe5 41. Rxa5+ Ke4 42. fxe5 Rfe6 43. Rf1 1-0

[Event "2. Bundesliga West 2011/12"]
[Site "Hohenems"]
[Date "2011.11.04"]
[Round "4"]
[Board "4"]
[White "Karrer, Damian"]
[Black "Hecht, Hans-Joachim"]
[Result "0-1"]
[WhiteElo "2181"]
[BlackElo "2383"]
[PlyCount "96"]
[EventDate "2011.10.07"]
[EventType "team"]
[EventRounds "11"]
[EventCountry "AUT"]
[WhiteTeam "Bregenz"]
[BlackTeam "Schwarzach"]

1. e4 e6 2. d4 d5 3. Nc3 Nc6 4. e5 Bd7 5. f4 Nh6 6. Be3 Bb4 7. Qd2 Ng4 8. a3
Ba5 9. Nf3 Nxe3 10. Qxe3 Ne7 11. Bd3 Bxc3+ 12. bxc3 c5 13. O-O c4 14. Be2 Ba4
15. Qd2 Qd7 16. Rab1 Nc6 17. Rb2 O-O-O 18. Rf2 f5 19. exf6 gxf6 20. Bf1 Kb8 21.
Re2 Rhe8 22. g3 Qd6 23. Ra2 Ka8 24. Qe1 Re7 25. Bg2 a6 26. Bh3 Rde8 27. Nh4 Na7
28. Qb1 Bd7 29. Qb4 Qxb4 30. cxb4 Nb5 31. Rd2 e5 32. Bxd7 Rxd7 33. dxe5 fxe5
34. fxe5 Rxe5 35. Ra1 d4 36. Nf3 Re3 37. Kg2 d3 38. Kf2 Rde7 39. cxd3 c3 40.
Rdd1 Re2+ 41. Kf1 Rb2 42. a4 Rf7 43. axb5 Rxf3+ 44. Kg1 Rff2 45. bxa6 Rg2+ 46.
Kf1 Rbf2+ 47. Ke1 Rxh2 48. a7 Rb2 0-1

[Event "2. Bundesliga West 2011/12"]
[Site "Hohenems"]
[Date "2011.11.04"]
[Round "4"]
[Board "5"]
[White "Ljubic, Juro"]
[Black "Matt, Fabian"]
[Result "0-1"]
[WhiteElo "2190"]
[BlackElo "2169"]
[PlyCount "86"]
[EventDate "2011.10.07"]
[EventType "team"]
[EventRounds "11"]
[EventCountry "AUT"]
[WhiteTeam "Schwarzach"]
[BlackTeam "Bregenz"]

1. b3 d5 2. f4 Bg4 3. Bb2 e6 4. g3 Nf6 5. Bg2 c5 6. Nf3 Nc6 7. O-O Be7 8. h3
Bh5 9. d3 O-O 10. e3 Qb6 11. Qe1 c4 12. dxc4 dxc4 13. Nbd2 cxb3 14. axb3 Bg6
15. Nd4 Nb4 16. Ba3 Qc7 17. c4 Rfd8 18. N2f3 Nc2 19. Nxc2 Bxc2 20. Nd4 Bxa3 21.
Nxc2 Bc5 22. Qe2 Qb6 23. b4 Bxb4 24. Nxb4 Qxb4 25. Rab1 Qc5 26. Rb5 Qa3 27.
Rxb7 Rac8 28. f5 e5 29. Rb5 Qc3 30. Re1 Rxc4 31. Kh2 Rc5 32. Rb7 Rc7 33. Reb1
e4 34. R7b4 h6 35. R1b3 Qc2 36. Rb2 Qc6 37. R2b3 Rd5 38. Rxe4 Nxe4 39. Bxe4 Qc1
40. f6 g6 41. Rb2 Rd6 42. Qf2 Rb6 43. Ra2 Qc3 0-1

[Event "2. Bundesliga West 2011/12"]
[Site "Hohenems"]
[Date "2011.11.04"]
[Round "4"]
[Board "6"]
[White "Mira, Helene"]
[Black "Stoeckl, Norbert"]
[Result "1/2-1/2"]
[WhiteElo "2083"]
[BlackElo "2057"]
[PlyCount "94"]
[EventDate "2011.10.07"]
[EventType "team"]
[EventRounds "11"]
[EventCountry "AUT"]
[WhiteTeam "Bregenz"]
[BlackTeam "Schwarzach"]

1. Nf3 Nf6 2. c4 g6 3. Nc3 d5 4. cxd5 Nxd5 5. Qa4+ c6 6. Nxd5 Qxd5 7. e4 Qd6 8.
d4 Bg7 9. e5 Qd8 10. Be2 Nd7 11. O-O Nb6 12. Qc2 Nd5 13. Bd2 O-O 14. Rad1 Qb6
15. a3 Bf5 16. Qc1 a5 17. Bh6 Rfd8 18. Bxg7 Kxg7 19. h3 Nc7 20. Bd3 Be6 21. Bc4
Bxc4 22. Qxc4 Rd5 23. Rd2 Ne6 24. g3 Rad8 25. Rfd1 Qb5 26. Qxb5 Rxb5 27. h4 Rb3
28. Kg2 a4 29. Rc1 Rd5 30. Rc4 Rdb5 31. Rcc2 h6 32. Ng1 c5 33. dxc5 Rxc5 34. f4
g5 35. hxg5 hxg5 36. Ne2 Rxc2 37. Rxc2 Kg6 38. fxg5 Kxg5 39. Kf2 Kf5 40. Nc3
Nd4 41. Rd2 Kxe5 42. Nxa4 b5 43. Nc5 Rf3+ 44. Kg2 Re3 45. Kf2 Rf3+ 46. Kg2 Re3
47. Kf2 Rf3+ 1/2-1/2

[Event "2. Bundesliga West 2011/12"]
[Site "Hohenems"]
[Date "2011.11.04"]
[Round "4"]
[Board "1"]
[White "Medvegy, Zoltan"]
[Black "Eisenbeiser, Amadeus"]
[Result "1-0"]
[WhiteElo "2531"]
[BlackElo "2409"]
[PlyCount "113"]
[EventDate "2011.10.07"]
[EventType "team"]
[EventRounds "11"]
[EventCountry "AUT"]
[WhiteTeam "ATSV Ranshofen"]
[BlackTeam "Goetzis"]

1. d4 f5 2. g3 Nf6 3. Bg2 g6 4. Nf3 Bg7 5. O-O O-O 6. b3 d6 7. Bb2 Qe8 8. c4
Na6 9. Qc2 c5 10. dxc5 Nxc5 11. Nc3 e5 12. b4 Ne6 13. Nb5 e4 14. Nfd4 Qe7 15.
Rfd1 Rd8 16. Rac1 a6 17. Na3 Nxd4 18. Bxd4 Be6 19. f3 d5 20. c5 Bh6 21. f4 Nd7
22. e3 Nb8 23. Qb2 Rd7 24. Nc2 Nc6 25. Bf6 Qf7 26. a4 Rc8 27. Bc3 Bf8 28. Nd4
Nxd4 29. Bxd4 Rdc7 30. a5 h6 31. Bf1 Kh7 32. Rd2 Be7 33. Rdc2 Qf8 34. Be5 Rc6
35. Qd4 g5 36. Be2 gxf4 37. exf4 Bf7 38. Kf2 h5 39. h3 Qg8 40. Rg1 Rh6 41. g4
hxg4 42. hxg4 Rh2+ 43. Kg3 Rh6 44. Kf2 Rh2+ 45. Kg3 Rh6 46. g5 Rcc6 47. Rcc1
Rcg6 48. Kf2 Rh2+ 49. Ke1 Be8 50. Rc3 Qe6 51. Rgg3 Bb5 52. Rh3+ Rxh3 53. Rxh3+
Kg8 54. Bxb5 axb5 55. Bd6 Kf8 56. Rh8+ Rg8 57. Rxg8+ 1-0

[Event "2. Bundesliga West 2011/12"]
[Site "Hohenems"]
[Date "2011.11.04"]
[Round "4"]
[Board "2"]
[White "Krassowizkij, Jaroslaw"]
[Black "Menacher, Manfred"]
[Result "1-0"]
[WhiteElo "2356"]
[BlackElo "2307"]
[PlyCount "69"]
[EventDate "2011.10.07"]
[EventType "team"]
[EventRounds "11"]
[EventCountry "AUT"]
[WhiteTeam "Goetzis"]
[BlackTeam "ATSV Ranshofen"]

1. c4 Nf6 2. g3 g6 3. Bg2 d5 4. cxd5 Nxd5 5. Nc3 Nb6 6. d4 Bg7 7. Nf3 Nc6 8. e3
O-O 9. O-O Re8 10. Re1 a5 11. Qc2 a4 12. Rd1 Bf5 13. e4 Bg4 14. Nb5 Ra5 15. Qe2
e5 16. d5 Nd4 17. Nbxd4 exd4 18. h3 Bxf3 19. Qxf3 Nc4 20. Qd3 Ne5 21. Qf1 c5
22. Bd2 b5 23. Rac1 c4 24. f4 c3 25. bxc3 Nc4 26. e5 Nxd2 27. Rxd2 dxc3 28.
Rxc3 b4 29. Rc6 b3 30. d6 Ra7 31. axb3 axb3 32. Qc4 Qb8 33. d7 Rd8 34. Rc8 Ra1+
35. Kh2 1-0

[Event "2. Bundesliga West 2011/12"]
[Site "Hohenems"]
[Date "2011.11.04"]
[Round "4"]
[Board "3"]
[White "Dovzik, Juri"]
[Black "Schloetzer, Waldemar"]
[Result "1-0"]
[WhiteElo "2341"]
[BlackElo "2308"]
[PlyCount "95"]
[EventDate "2011.10.07"]
[EventType "team"]
[EventRounds "11"]
[EventCountry "AUT"]
[WhiteTeam "ATSV Ranshofen"]
[BlackTeam "Goetzis"]

1. Nf3 Nf6 2. d4 d6 3. c4 g6 4. g3 Bg7 5. Bg2 O-O 6. O-O Nc6 7. Nc3 a6 8. b3
Rb8 9. Nd5 e6 10. Nxf6+ Qxf6 11. Bb2 e5 12. d5 Na7 13. Rc1 Qe7 14. Qc2 b6 15.
Nd2 Bd7 16. e3 Rbc8 17. Rcd1 f5 18. f4 Rce8 19. Nf3 Nc8 20. Rfe1 h6 21. h4 Bf6
22. Bh3 Qg7 23. Rd2 g5 24. hxg5 hxg5 25. fxg5 Bxg5 26. Nxg5 Qxg5 27. e4 Ne7 28.
Bc1 Rf7 29. Rh2 Qg6 30. Rf1 Ref8 31. Qe2 Rg7 32. Kh1 Qxg3 33. Bh6 Rff7 34. Bxg7
Rxg7 35. Qf2 Qd3 36. Re1 b5 37. Qe3 bxc4 38. bxc4 Qxc4 39. Rc1 Qa4 40. Rg2 Rxg2
41. Bxg2 f4 42. Qf2 c6 43. Qh4 Kf7 44. Qh5+ Kf6 45. Bf3 cxd5 46. Qh8+ Ke6 47.
Bg4+ Kf7 48. Bh5+ 1-0

[Event "2. Bundesliga West 2011/12"]
[Site "Hohenems"]
[Date "2011.11.04"]
[Round "4"]
[Board "4"]
[White "Kessler, Luca"]
[Black "Ager, Josef"]
[Result "1-0"]
[WhiteElo "2247"]
[BlackElo "2195"]
[PlyCount "65"]
[EventDate "2011.10.07"]
[EventType "team"]
[EventRounds "11"]
[EventCountry "AUT"]
[WhiteTeam "Goetzis"]
[BlackTeam "ATSV Ranshofen"]

1. d4 Nf6 2. c4 g6 3. Nc3 Bg7 4. e4 d6 5. Nf3 O-O 6. Be2 e5 7. Be3 Nc6 8. d5
Ne7 9. Nd2 c5 10. dxc6 bxc6 11. O-O d5 12. cxd5 cxd5 13. exd5 Nfxd5 14. Nxd5
Nxd5 15. Bc5 Re8 16. Ne4 Be6 17. Bb5 Qh4 18. Bxe8 Rxe8 19. f3 f5 20. Bf2 Qe7
21. Nc5 Bf7 22. Re1 Nf4 23. h4 g5 24. Qc2 Rc8 25. Rac1 e4 26. fxe4 gxh4 27. Be3
Ne6 28. exf5 Nxc5 29. b4 h3 30. bxc5 hxg2 31. Qxg2 Qf6 32. Qg5 Qc6 33. Bd4 1-0

[Event "2. Bundesliga West 2011/12"]
[Site "Hohenems"]
[Date "2011.11.04"]
[Round "4"]
[Board "5"]
[White "Spiesberger, Gerhard"]
[Black "Schmidlechner, Alexander"]
[Result "0-1"]
[WhiteElo "2140"]
[BlackElo "2273"]
[PlyCount "134"]
[EventDate "2011.10.07"]
[EventType "team"]
[EventRounds "11"]
[EventCountry "AUT"]
[WhiteTeam "ATSV Ranshofen"]
[BlackTeam "Goetzis"]

1. e4 c5 2. c3 d5 3. exd5 Qxd5 4. d4 g6 5. Nf3 Bg7 6. Be2 cxd4 7. cxd4 Nf6 8.
O-O O-O 9. Nc3 Qa5 10. Qa4 Qd8 11. Bf4 Nbd7 12. Rac1 Nb6 13. Qa5 Nfd5 14. Be5
Bh6 15. Nxd5 Nxd5 16. Bc7 b6 17. Bxd8 bxa5 18. Bxa5 Bxc1 19. Rxc1 Nf4 20. Kf1
Be6 21. a3 Rfc8 22. Rc3 Rab8 23. Bb4 Nd5 24. Rxc8+ Bxc8 25. Bc5 Rxb2 26. Bxa7
Nf4 27. Bc4 Bb7 28. d5 Rc2 29. Bb5 Bxd5 30. Be3 Bxf3 31. Bxf4 Bc6 32. Bxc6 Rxc6
33. Bd2 Rc2 34. Bb4 e5 35. Bd6 e4 36. Be7 f5 37. h4 Kf7 38. Bb4 f4 39. Bd6 e3
40. f3 Rc4 41. g3 Rc1+ 42. Ke2 Rc2+ 43. Ke1 fxg3 44. Bxg3 Ke6 45. Bf4 Rc3 46.
Ke2 Rxa3 47. Bxe3 Ra2+ 48. Kd3 Kf5 49. Bg5 Rg2 50. Bh6 Kf6 51. Ke4 Rh2 52. Bg5+
Kg7 53. Kf4 Rg2 54. Be7 h6 55. Bd8 g5+ 56. hxg5 h5 57. Kf5 h4 58. Bf6+ Kg8 59.
Kg6 h3 60. Be5 h2 61. Bxh2 Rxh2 62. f4 Ra2 63. f5 Ra6+ 64. f6 Ra5 65. Kh6 Kf7
66. g6+ Kxf6 67. g7 Kf7 0-1

[Event "2. Bundesliga West 2011/12"]
[Site "Hohenems"]
[Date "2011.11.04"]
[Round "4"]
[Board "6"]
[White "Kranz, Armin"]
[Black "Fruehauf, Norbert"]
[Result "1/2-1/2"]
[WhiteElo "2100"]
[BlackElo "2049"]
[PlyCount "71"]
[EventDate "2011.10.07"]
[EventType "team"]
[EventRounds "11"]
[EventCountry "AUT"]
[WhiteTeam "Goetzis"]
[BlackTeam "ATSV Ranshofen"]

1. d4 Nf6 2. Nf3 e6 3. c4 Bb4+ 4. Bd2 Qe7 5. g3 b6 6. Bg2 Bb7 7. O-O O-O 8. Bg5
h6 9. Bc1 Bd6 10. Nc3 c5 11. Nb5 cxd4 12. Nxd6 Qxd6 13. Bf4 Qc5 14. Qxd4 Qxd4
15. Nxd4 Bxg2 16. Kxg2 d5 17. Rfc1 Nbd7 18. Nc6 Kh7 19. cxd5 Nxd5 20. Bd6 Rfc8
21. e4 N5f6 22. f3 Ne8 23. e5 b5 24. Ne7 Rxc1 25. Rxc1 Nb6 26. b3 g6 27. Kf2
Rd8 28. Rc6 Nxd6 29. Rxd6 Rd7 30. Nc6 Rc7 31. Nd4 b4 32. Rc6 Rd7 33. Rd6 Rc7
34. Rc6 Rd7 35. Rd6 Rc7 36. Rc6 1/2-1/2

[Event "2. Bundesliga West 2011/12"]
[Site "Hohenems"]
[Date "2011.11.04"]
[Round "4"]
[Board "1"]
[White "Luther, Thomas"]
[Black "Roth, Peter"]
[Result "1-0"]
[WhiteElo "2524"]
[BlackElo "2262"]
[PlyCount "71"]
[EventDate "2011.10.07"]
[EventType "team"]
[EventRounds "11"]
[EventCountry "AUT"]
[WhiteTeam "SC Absam"]
[BlackTeam "ASK Salzburg"]

1. e4 e6 2. d4 d5 3. Nd2 Nc6 4. Ngf3 Nf6 5. e5 Nd7 6. Nb3 a5 7. a4 b6 8. Be3
Ncb8 9. Be2 Be7 10. O-O Ba6 11. Ne1 c5 12. f4 g6 13. c3 Qc8 14. Nc1 Bxe2 15.
Nxe2 Qa6 16. g4 Nc6 17. f5 gxf5 18. gxf5 O-O-O 19. f6 Rdg8+ 20. Kh1 Bf8 21. Nf3
h6 22. Nf4 Kb8 23. Qe2 Kb7 24. Qf2 cxd4 25. cxd4 Nb4 26. Rfc1 Nb8 27. Rc3 N8c6
28. Rac1 Na2 29. Rxc6 Nxc1 30. Rxc1 Bb4 31. Qe2 Rc8 32. Qxa6+ Kxa6 33. Nd3
Rxc1+ 34. Bxc1 h5 35. Nxb4+ axb4 36. b3 1-0

[Event "2. Bundesliga West 2011/12"]
[Site "Hohenems"]
[Date "2011.11.04"]
[Round "4"]
[Board "2"]
[White "Besner, Bernhard"]
[Black "Rotstein, Arkadij"]
[Result "0-1"]
[WhiteElo "2175"]
[BlackElo "2502"]
[PlyCount "56"]
[EventDate "2011.10.07"]
[EventType "team"]
[EventRounds "11"]
[EventCountry "AUT"]
[WhiteTeam "ASK Salzburg"]
[BlackTeam "SC Absam"]

1. e4 c5 2. c3 Nf6 3. e5 Nd5 4. d4 cxd4 5. Nf3 e6 6. cxd4 d6 7. Bc4 Nc6 8. O-O
Be7 9. Qe2 O-O 10. Rd1 Bd7 11. Bd2 Rc8 12. Nc3 Nxc3 13. Bxc3 dxe5 14. dxe5 Qc7
15. Bd3 Rfd8 16. Qe4 g6 17. Qe3 Nb4 18. Be4 Bc6 19. Rxd8+ Rxd8 20. Bxc6 Qxc6
21. Bxb4 Bxb4 22. Qxa7 Qc2 23. h4 Bc5 24. Qxb7 Qxf2+ 25. Kh1 Rd2 26. Rg1 Rd4
27. Rc1 Rxh4+ 28. Nh2 Rxh2+ 0-1

[Event "2. Bundesliga West 2011/12"]
[Site "Hohenems"]
[Date "2011.11.04"]
[Round "4"]
[Board "3"]
[White "Dizdar, Goran"]
[Black "Loeffler, Christoph"]
[Result "1-0"]
[WhiteElo "2495"]
[BlackElo "2161"]
[PlyCount "75"]
[EventDate "2011.10.07"]
[EventType "team"]
[EventRounds "11"]
[EventCountry "AUT"]
[WhiteTeam "SC Absam"]
[BlackTeam "ASK Salzburg"]

1. d4 d5 2. c4 e6 3. Nf3 Nf6 4. e3 Be7 5. b3 O-O 6. Bd3 Nbd7 7. O-O b6 8. cxd5
exd5 9. Nc3 Bb7 10. Bb2 Ne4 11. Rc1 Ndf6 12. Qe2 Bb4 13. Rfd1 Qe7 14. Ne5 Bxc3
15. Bxc3 Nxc3 16. Rxc3 c5 17. Rdc1 Rac8 18. Qb2 cxd4 19. Rxc8 Rxc8 20. Rxc8+
Bxc8 21. Qxd4 Qc7 22. h3 Be6 23. Nf3 h6 24. g4 Nd7 25. Kg2 Qc5 26. b4 Qxd4 27.
Nxd4 Ne5 28. Ba6 Nd7 29. Bc8 Nf8 30. Nc6 a6 31. Bxa6 d4 32. Ne7+ Kh7 33. a4
dxe3 34. fxe3 Bd7 35. b5 Be6 36. Bc8 Bb3 37. a5 bxa5 38. b6 1-0

[Event "2. Bundesliga West 2011/12"]
[Site "Hohenems"]
[Date "2011.11.04"]
[Round "4"]
[Board "4"]
[White "Scheiblmaier, Robert"]
[Black "Pilz, Dieter"]
[Result "1/2-1/2"]
[WhiteElo "2113"]
[BlackElo "2330"]
[PlyCount "85"]
[EventDate "2011.10.07"]
[EventType "team"]
[EventRounds "11"]
[EventCountry "AUT"]
[WhiteTeam "ASK Salzburg"]
[BlackTeam "SC Absam"]

1. d4 Nf6 2. c4 c5 3. Nf3 cxd4 4. Nxd4 g6 5. Nc3 Bg7 6. e4 d6 7. Be2 O-O 8. O-O
Nc6 9. Be3 Bd7 10. Rc1 Nxd4 11. Bxd4 Bc6 12. f3 a5 13. Qd2 Nd7 14. Bxg7 Kxg7
15. Rfd1 Qb6+ 16. Kh1 f6 17. Bf1 Nc5 18. Re1 e5 19. Red1 Rad8 20. Qf2 Qc7 21.
Qd2 Rf7 22. Nd5 Bxd5 23. cxd5 Qb6 24. g4 Rdf8 25. Bh3 Rh8 26. Rc3 h6 27. Rdc1
g5 28. Ra3 Rc8 29. Rac3 Rfc7 30. Bf1 Kg6 31. R1c2 Na4 32. Rxc7 Rxc7 33. Rxc7
Qxc7 34. Bb5 Nc5 35. Qc3 Qb6 36. Qc4 h5 37. h3 h4 38. Kg2 Kf7 39. b3 Ke7 40.
Kf1 Kd8 41. a3 Na6 42. Bxa6 bxa6 43. Ke2 1/2-1/2

[Event "2. Bundesliga West 2011/12"]
[Site "Hohenems"]
[Date "2011.11.04"]
[Round "4"]
[Board "5"]
[White "De Francesco, Klaus"]
[Black "Herrmann, Michael"]
[Result "1-0"]
[WhiteElo "2307"]
[BlackElo "2118"]
[PlyCount "67"]
[EventDate "2011.10.07"]
[EventType "team"]
[EventRounds "11"]
[EventCountry "AUT"]
[WhiteTeam "SC Absam"]
[BlackTeam "ASK Salzburg"]

1. d4 d5 2. c4 e6 3. Nc3 Be7 4. Nf3 Nf6 5. g3 Nbd7 6. Bg2 O-O 7. O-O c6 8. b3
b6 9. Bb2 Bb7 10. Nd2 Rc8 11. e4 Qc7 12. e5 Ne8 13. cxd5 cxd5 14. Rc1 Qb8 15.
Qg4 g6 16. h4 h5 17. Qh3 Rc7 18. Bf3 Ba6 19. Rfe1 Bd3 20. g4 hxg4 21. Bxg4 Bf5
22. Bxf5 gxf5 23. Kh1 Kh7 24. Rg1 Rh8 25. Rg2 Nf8 26. h5 Qc8 27. Rcg1 a6 28.
Nf3 b5 29. Qg3 b4 30. Bc1 Ng6 31. hxg6+ Kg7+ 32. Rh2 Rxh2+ 33. Qxh2 fxg6 34.
Qh6+ 1-0

[Event "2. Bundesliga West 2011/12"]
[Site "Hohenems"]
[Date "2011.11.04"]
[Round "4"]
[Board "6"]
[White "Vlasak, Reinhard"]
[Black "Gerhold, Michael"]
[Result "0-1"]
[WhiteElo "2095"]
[BlackElo "2251"]
[PlyCount "136"]
[EventDate "2011.10.07"]
[EventType "team"]
[EventRounds "11"]
[EventCountry "AUT"]
[WhiteTeam "ASK Salzburg"]
[BlackTeam "SC Absam"]

1. e4 c5 2. c3 d5 3. exd5 Qxd5 4. d4 Nf6 5. Nf3 Nc6 6. Be2 cxd4 7. cxd4 e6 8.
Nc3 Qd6 9. O-O Be7 10. Be3 O-O 11. Qd2 b6 12. Bf4 Qd8 13. Rfd1 Nb4 14. Ne5 Bb7
15. a3 Nbd5 16. Bf3 Nxc3 17. bxc3 Bxf3 18. Nxf3 Rc8 19. Qd3 Nd5 20. Bd2 Qc7 21.
Ne5 Bd6 22. c4 Bxe5 23. cxd5 Bxh2+ 24. Kh1 Bd6 25. dxe6 fxe6 26. Qe4 Qf7 27.
Be3 Qh5+ 28. Kg1 Qd5 29. Qxd5 exd5 30. a4 Rc4 31. a5 b5 32. a6 Rb8 33. Rdb1 Rb6
34. Kf1 Bb4 35. Ke2 Bc3 36. Ra3 Bxd4 37. Ra5 Bxe3 38. Kxe3 b4 39. Rxd5 Rxa6 40.
Kd3 Rf4 41. Ke3 Rg4 42. g3 Ra3+ 43. Ke2 Re4+ 44. Kf1 a5 45. Rb5 h6 46. Rb2 Rc4
47. Ke2 Rcc3 48. Kd2 Kh7 49. Ke2 Kg6 50. Kd2 Kf6 51. Ke2 g5 52. Rd2 Rc6 53.
Rdd5 Ra6 54. g4 b3 55. Rf5+ Kg6 56. Kd3 a4 57. f4 Rf6 58. Rxf6+ Kxf6 59. Rb6+
Kg7 60. Rb7+ Kf8 61. fxg5 hxg5 62. Rb5 b2+ 63. Kc2 Rb3 64. Rf5+ Ke7 65. Kb1 a3
66. Ra5 Rc3 67. Ka2 Rc1 68. Rxa3 b1=Q# 0-1

[Event "2. Bundesliga West 2011/12"]
[Site "Hohenems"]
[Date "2011.11.04"]
[Round "4"]
[Board "1"]
[White "Bayer, Bernhard"]
[Black "Maurer, Jochen"]
[Result "1-0"]
[WhiteElo "2434"]
[BlackElo "2272"]
[PlyCount "77"]
[EventDate "2011.10.07"]
[EventType "team"]
[EventRounds "11"]
[EventCountry "AUT"]
[WhiteTeam "Schwaz"]
[BlackTeam "Kufstein / Woergl 2"]

1. c4 Nf6 2. Nc3 g6 3. g3 Bg7 4. Bg2 O-O 5. Nf3 d6 6. O-O e5 7. d4 Nbd7 8. e4
a6 9. Re1 exd4 10. Nxd4 Re8 11. h3 Rb8 12. Rb1 Ne5 13. b3 c5 14. Nc2 Be6 15.
Ne3 Nc6 16. Bb2 Nd4 17. Ne2 Nxe2+ 18. Rxe2 b5 19. Rc1 Qc7 20. Qc2 bxc4 21. Nxc4
Bxc4 22. Qxc4 Nd7 23. Bxg7 Kxg7 24. Qxa6 Ne5 25. Rd2 Rb6 26. Qa5 Nc6 27. Qc3+
f6 28. Rcd1 Re6 29. Kh2 Qe7 30. h4 Rb4 31. Bh3 Rexe4 32. Rxd6 Rbd4 33. R1xd4
Rxd4 34. Rxc6 Qe4 35. Rc7+ Kh6 36. Bg2 Qe5 37. Qc1+ g5 38. hxg5+ fxg5 39. Rxc5
1-0

[Event "2. Bundesliga West 2011/12"]
[Site "Hohenems"]
[Date "2011.11.04"]
[Round "4"]
[Board "3"]
[White "Fuchs, Georg"]
[Black "Neuschmied, Siegfried"]
[Result "1-0"]
[WhiteElo "2289"]
[BlackElo "2308"]
[PlyCount "97"]
[EventDate "2011.10.07"]
[EventType "team"]
[EventRounds "11"]
[EventCountry "AUT"]
[WhiteTeam "Schwaz"]
[BlackTeam "Kufstein / Woergl 2"]

1. e4 c5 2. Nf3 Nc6 3. d4 cxd4 4. Nxd4 Nf6 5. Nc3 d6 6. Be2 e5 7. Nb3 Be7 8.
O-O a5 9. a4 O-O 10. f4 Be6 11. f5 Bd7 12. Be3 Nb4 13. Nd5 Nfxd5 14. exd5 Bg5
15. Bxg5 Qxg5 16. g4 h5 17. c3 Na6 18. Qd2 Qxd2 19. Nxd2 Nc5 20. Nc4 hxg4 21.
Nxd6 Nxa4 22. Bxg4 Ra6 23. Nxb7 Rc8 24. f6 Bxg4 25. Rxa4 Bd7 26. Rxa5 Rb6 27.
Ra7 Rc7 28. Ra8+ Kh7 29. Nd8 gxf6 30. Rf2 Kg6 31. Rg2+ Kf5 32. Nxf7 Bb5 33. Rf8
Bc4 34. Nh6+ Ke4 35. Ng4 f5 36. Nf6+ Ke3 37. h4 f4 38. Ng4+ Ke4 39. Re8 f3 40.
Nxe5 Bb5 41. Rg4+ Kf5 42. Rg5+ Ke4 43. Nd7+ Kd3 44. Nxb6 Bxe8 45. d6 Rb7 46.
Rd5+ Ke4 47. Rd4+ Ke3 48. Nd5+ Ke2 49. Re4+ 1-0

[Event "2. Bundesliga West 2011/12"]
[Site "Hohenems"]
[Date "2011.11.04"]
[Round "4"]
[Board "4"]
[White "Astl, Peter"]
[Black "Blaas, Hansjoerg"]
[Result "1-0"]
[WhiteElo "2250"]
[BlackElo "2234"]
[PlyCount "69"]
[EventDate "2011.10.07"]
[EventType "team"]
[EventRounds "11"]
[EventCountry "AUT"]
[WhiteTeam "Kufstein / Woergl 2"]
[BlackTeam "Schwaz"]

1. Nf3 c5 2. c3 d5 3. d4 e6 4. Bf4 Nc6 5. e3 Nf6 6. Bd3 Bd6 7. Bxd6 Qxd6 8.
Nbd2 O-O 9. O-O e5 10. dxe5 Nxe5 11. Nxe5 Qxe5 12. Qc2 Re8 13. Rfe1 Bd7 14. a4
Bc6 15. Bb5 Rac8 16. Qb3 Re7 17. a5 h5 18. Qa4 Re6 19. Bxc6 Rcxc6 20. Qb5 Rc7
21. Red1 Qf5 22. Nf3 Ne4 23. Qd3 Rg6 24. Kf1 Qg4 25. Ne1 Qh4 26. Qc2 Qxh2 27.
Rxd5 Re7 28. Ra4 Nf6 29. Rd8+ Kh7 30. Qf5 Ng4 31. Ke2 Re5 32. Qc8 Rgg5 33. Rxg4
Rxg4 34. Rh8+ Kg6 35. Qxg4+ 1-0

[Event "2. Bundesliga West 2011/12"]
[Site "Hohenems"]
[Date "2011.11.04"]
[Round "4"]
[Board "5"]
[White "Kondrak, Christof"]
[Black "Pitschka, Claus"]
[Result "0-1"]
[WhiteElo "2176"]
[BlackElo "2235"]
[PlyCount "60"]
[EventDate "2011.10.07"]
[EventType "team"]
[EventRounds "11"]
[EventCountry "AUT"]
[WhiteTeam "Schwaz"]
[BlackTeam "Kufstein / Woergl 2"]

1. d4 d5 2. Nf3 Nf6 3. c4 c6 4. cxd5 cxd5 5. Nc3 Nc6 6. a3 Bf5 7. Bf4 e6 8. e3
Be7 9. Bb5 O-O 10. O-O Rc8 11. Rc1 a6 12. Be2 Na5 13. Ne5 Nd7 14. Re1 Nxe5 15.
Bxe5 b5 16. a4 b4 17. Na2 b3 18. Rxc8 Qxc8 19. Nc1 Bc2 20. Qd2 Nc4 21. Qc3 a5
22. Nd3 Qc6 23. Bg3 Qxa4 24. Nc5 Qb4 25. Qxb4 axb4 26. Bd1 Bxc5 27. dxc5 Nxb2
28. Be2 Nc4 29. c6 b2 30. c7 b1=Q 0-1

[Event "2. Bundesliga West 2011/12"]
[Site "Hohenems"]
[Date "2011.11.04"]
[Round "4"]
[Board "6"]
[White "Kranewitter, Norbert"]
[Black "Streiter, Gerhard"]
[Result "1/2-1/2"]
[WhiteElo "2097"]
[BlackElo "2021"]
[PlyCount "108"]
[EventDate "2011.10.07"]
[EventType "team"]
[EventRounds "11"]
[EventCountry "AUT"]
[WhiteTeam "Kufstein / Woergl 2"]
[BlackTeam "Schwaz"]

1. Nf3 d5 2. d4 c6 3. c4 Nf6 4. e3 a6 5. b3 Bg4 6. Be2 e6 7. O-O Nbd7 8. Bb2
Bd6 9. Ne5 Bxe2 10. Qxe2 O-O 11. f4 Ne4 12. c5 Bxe5 13. fxe5 f6 14. Qg4 f5 15.
Qe2 b6 16. cxb6 Qxb6 17. Nd2 Qb5 18. Qxb5 cxb5 19. Nxe4 dxe4 20. Ba3 Rfc8 21.
d5 Nxe5 22. dxe6 g6 23. Rad1 Nd3 24. g4 b4 25. Rxd3 exd3 26. Bxb4 Rab8 27. Ba3
d2 28. gxf5 gxf5 29. Kf2 h6 30. Ke2 Rc2 31. Bd6 Rb5 32. e7 Kf7 33. Rd1 Rxa2 34.
b4 Rd5 35. Bc5 a5 36. Kf3 Rxc5 37. bxc5 Kxe7 38. Ke2 Ke6 39. Rb1 Kd5 40. Kd1
Kxc5 41. Rb8 Kc4 42. Ke2 a4 43. Rc8+ Kb3 44. Rb8+ Kc2 45. Rc8+ Kb1 46. Kd1 a3
47. Rc3 Ra1 48. Kxd2 Ka2 49. Rc6 Rb1 50. Rxh6 Rb2+ 51. Kc1 Rb1+ 52. Kc2 Rb2+
53. Kc1 Rb1+ 54. Kc2 Rb2+ 1/2-1/2

[Event "2. Bundesliga West 2011/12"]
[Site "Hohenems"]
[Date "2011.11.05"]
[Round "5"]
[Board "1"]
[White "Schmidt, Georg"]
[Black "Atlas, Valery"]
[Result "0-1"]
[WhiteElo "2368"]
[BlackElo "2413"]
[PlyCount "64"]
[EventDate "2011.10.07"]
[EventType "team"]
[EventRounds "11"]
[EventCountry "AUT"]
[WhiteTeam "Rochade Rum"]
[BlackTeam "Hohenems 2"]

1. e4 c5 2. Nf3 e6 3. c4 b6 4. Nc3 d6 5. d4 cxd4 6. Nxd4 Bb7 7. g3 a6 8. Bg2
Qc7 9. Be3 Nf6 10. Rc1 Be7 11. O-O O-O 12. g4 Rc8 13. g5 Nfd7 14. f4 Qd8 15.
Qg4 Nc6 16. Nde2 b5 17. Qh3 bxc4 18. f5 exf5 19. g6 hxg6 20. exf5 g5 21. f6
Nxf6 22. Nd5 g4 23. Qg3 Rab8 24. Nb6 Ne5 25. Nxc8 Qxc8 26. Nc3 Nf3+ 27. Bxf3
Bxf3 28. Rc2 Ba8 29. Bd4 Qc6 30. Re2 Kf8 31. Qh4 Qh1+ 32. Kf2 Ne4+ 0-1